书目信息 |
| 题名: |
"我热爱中国"
|
|
| 作者: | 洛伊斯·惠勒·斯诺 | |
| 分册: | ||
| 出版信息: | 北京 生活·读书·新知三联书店 1978 |
|
| 页数: | 197页 | |
| 开本: | 19cm | |
| 丛书名: | ||
| 单 册: | ||
| 中图分类: | I712.5 | |
| 科图分类: | ||
| 主题词: | 文学 | |
| 电子资源: | ||
| ISBN: | ||
| 000 | 00560nam0 2200193 450 | |
| 001 | 0656879167 | |
| 005 | 20070708105018.70 | |
| 010 | @dCNY0.47 | |
| 100 | @a20061113d1978 km y0chiy0120 ea | |
| 101 | 0 | @achi |
| 102 | @aCN@b110000 | |
| 200 | 1 | @a"我热爱中国"@A"wo re ai zhong guo"@f洛伊斯·惠勒·斯诺@Fluo yi si·hui le·si nuo |
| 210 | @a北京@c生活·读书·新知三联书店@d1978 | |
| 215 | @a197页@d19cm | |
| 606 | 0 | @a文学 |
| 690 | @aI712.5@v3 | |
| 701 | 0 | @a洛伊斯·惠勒·斯诺@Aluo yi si·hui le·si nuo |
| 801 | 0 | @aCN@bPFT@c20070708 |
| 905 | @a10447@dI712.5@e433 | |
| "我热爱中国"/洛伊斯·惠勒·斯诺.-北京:生活·读书·新知三联书店,1978 |
| 197页;19cm |
| ISBN :CNY0.47 |
| ● |
| 相关链接 |
|
|
|
|
正题名:"我热爱中国"
索取号:I712.5/433
 
预约/预借
| 序号 | 登录号 | 条形码 | 馆藏地/架位号 | 状态 | 备注 |
| 1 | 0004132 | 202119297 | 第一样本阅览室/ [索取号:I712.5/433] | 在馆 |